banner koha

Flora das cangas da Serra dos Carajás, Pará, Brasil: Dioscoreaceae (Registro n. 332017)

MARC details
000 -LÍDER
fixed length control field 02091nab a2200241 i 4500
003 - CÓDIGO MARC DA AGÊNCIA CATALOGADORA
Campo de controle BR-BrBNA
005 - DATA E HORA DA ÚLTIMA ATUALIZAÇÃO
Campo de controle 20250611121331.0
008 - CAMPO DE TAMANHO FIXO
fixed length control field 250611b2018 bl.qr|pooa||| 00| 0 por |
040 ## - FONTE DA CATALOGAÇÃO
Agência catalogadora BR-BrBNA
Idioma da catalogação por
072 ## - CATEGORIA AGRIS
Código AGRIS F70
100 ## - ENTRADA PRINCIPAL - NOME PESSOAL
Nome pessoal Fraga, Fernanda Ribeiro de Mello
100 ## - ENTRADA PRINCIPAL - NOME PESSOAL
Nome pessoal Couto, Ricardo Sousa
245 ## - TÍTULO PRINCIPAL
Título principal Flora das cangas da Serra dos Carajás, Pará, Brasil: Dioscoreaceae
500 ## - NOTA GERAL
Nota geral Publicação on-line; 9 ref.; 1 illus.; Summaries (En, Pt)
942 ## - ADDED ENTRY ELEMENTS (KOHA)
Koha item type Analítica
520 ## - NOTA DE RESUMO
Nota de conteúdo <br/><br/>Resumo<br/><br/>Este estudo apresenta um tratamento florístico das espécies de Dioscoreaceae registradas nas cangas da Serra<br/>dos Carajás, Pará. Apresentam-se descrições detalhadas, chave para identificação, fotografias, distribuição<br/>geográfica, comentários morfológicos e ecológicos das espécies tratadas. Foram registradas seis espécies de<br/>Dioscoreaceae para área de estudos, todas pertencentes ao gênero Dioscorea, incluindo D. planistipulosa, um <br/>novo registro para o estado e para a região amazônica.<br/><br/>Palavras-chave: Cará, complexo Dioscorea piperifolia, Dioscorea, inhame, FLONA Carajás.<br/><br/><br/><br/><br/>Abstract<br/><br/>The study presents a floristic survey for the species of Dioscoreaceae recorded in the canga of Serra dos Carajás,<br/>Pará state. Detailed descriptions, identification key, photos, geographical distribution and morphological<br/>comments are provided for all species, as well comments on the habitat. Six species were recorded in the<br/>study area, all belonging to the genus Dioscorea, including D. planistipulosa, a new record for the state and<br/>the Amazonian region.<br/><br/>Key words: Cará, Dioscorea piperifolia complex, Dioscorea, yam, FLONA Carajás.
650 ## - ASSUNTO - THESAGRO
Cabeçalho tópico ou nome geográfico DIOSCOREA CAYENENSIS
650 ## - ASSUNTO - THESAGRO
Cabeçalho tópico ou nome geográfico CARAJÁS
650 ## - ASSUNTO - THESAGRO
Cabeçalho tópico ou nome geográfico INHAME
773 0# - ENTRADA ANALÍTICA
Host Biblionumber 709
Registro do item 350966
Imprenta Rio de Janeiro-RJ Jardim Botanico do Rio de Janeiro 1935
Outro identificador 2025-3590
Título Rodriguésia (Brazil)
ISSN 0370-6583; 2175-7860 on-line
Colação v. 69(3) p. 1105-1111; (2018)
Número de controle de registro BR2025003124
856 ## - ACESSO E ENDEREÇO ELETRÔNICO
Identificador uniforme de recurso - URI https://www.scielo.br/j/rod/a/cstmWPzVHf5cFzjyjp6s9dQ/?format=pdf&lang=pt

Nenhum exemplar disponível.

BINAGRI

Telefone: (61)3218-2567/2388/3357/2097 - binagri@agro.gov.br

Ministério da Agricultura e Pecuária , Esplanada dos Ministérios, Bloco D, Anexo B, Brasília/DF, CEP: 70.043-900